000 00286nam a22001217a 4500
008 170523b xxu||||| |||| 00| 0 eng d
041 _aeng
080 _a94(6)
100 _a16
101 _aSHH
245 _aMARSH LION THE STORY OF SN AFRICAN PTIDE
_cMAN.B.J
942 _2udc
_cBK
999 _c13879
_d13879